| 000 | 00598nam a2200229Ia 4500 | ||
|---|---|---|---|
| 003 | 0100 | ||
| 008 | 130303s9999 xx 000 0 und d | ||
| 040 | _cARRUPELIB | ||
| 050 | _aLA11.M4 1972 | ||
| 100 | _aMeyer, Adolphe E. | ||
| 245 | 3 | _aAn educational history of the western world | |
| 250 | _a2nd ed. | ||
| 260 | _aNew York | ||
| 260 | _bMcGraw-Hill Book Company | ||
| 260 | _C1972 | ||
| 300 | _a547p. | ||
| 300 | _b 23 cm | ||
| 440 | _aMcGraw-Hill series in education | ||
| 650 | _bAeronautics--Zimbabwe--History | ||
| 650 | _cBush flying--Zimbabwe--History | ||
| 942 |
_2lcc _01 |
||
| 999 |
_c66497 _d66497 |
||